000 00352nam a2200133 i 4500
001 bg
100 1 _aPRZYBYLSKI, J.
245 0 _aModelowanie cyklicznych procesów budowlanych o charakterze losowym /
_cJ.Przybylski.
260 _aZielona Góra,
_c1988.
040 _cBPK
041 _apol
942 _cKS
008 s pl f |000 0 pol
999 _c28749
_d28749
856 _uhttp://koha.tu.koszalin.pl/cgi-bin/koha/opac-detail.pl?biblionumber=28749
_yKatalog online BPK